000 00457nam a2200145 4500
999 _c16153
_d16153
008 210430b ||||| |||| 00| 0 eng d
022 _a1559-663X
082 _aDPer 420.705 En36 c2006-2008
100 _aRichards, Jack C.
_943256
245 _aGrowing up with TESOL/
_cJack C. Richards.
260 _aWashington, D.C. :
_bEnglish Teaching Forum,
_cc2006-2008.
300 _av46 n1, pages 2-11;
_c27 cm.
650 _aTeaching.
_x
_943257
942 _2ddc
_cPER